000 00324cam a2200145ua 4500
041 _aeng
_h
082 _a621.8152
_bVAR/MA
100 _aVarghese, P I .
245 _aMachine drawing /
_cP I Varghese.
_hTextual Documents
300 _a ; .
504 _a
700 1 _aJohn, A C .
942 _cBK
999 _c12897
_d12897